[Event "EYCC Open-U14 2019"]
[Site "Bratislava"]
[Date "2019.08.08"]
[Round "7.32"]
[White "Antal, Hunor-Zoltan"]
[Black "Stalmach, Richard"]
[Result "1-0"]
[WhiteElo "1980"]
[BlackElo "2381"]
[Annotator "NA"]
[PlyCount "113"]
[EventDate "2019.08.02"]
[EventType "swiss"]
[EventCountry "SVK"]
[SourceTitle "playchess.com"]
[Source "ChessBase"]
[SourceQuality "1"]
[TimeControl "40/5400+30:1800+30"]

1. d4 {[%emt 0:00:00]} Nf6 {[%emt 0:00:00]} 2. Nf3 {[%emt 0:00:00]} g6 {[%emt 0:00:00]} 3. c4 {[%emt 0:00:00]} Bg7 {[%emt 0:00:00]} 4. g3 {[%emt 0:00:00]} O-O {[%emt 0:00:00]} 5. Bg2 {[%emt 0:00:01]} d6 {[%emt 0:00:02]} 6. Nc3 {[%emt 0:00:07]} Nbd7 {[%emt 0:00:20]} 7. O-O {[%emt 0:00:14]} e5 {[%emt 0:00:16]} 8. e4 {[%emt 0:00:09]} exd4 {[%emt 0:00:07]} 9. Nxd4 {[%emt 0:00:10]} c6 {[%emt 0:00:05]} 10. h3 {[%emt 0:01:40]} Re8 {[%emt 0:00:09]} 11. Be3 {[%emt 0:00:42]} a5 {[%emt 0:01:08]} 12. Rc1 {[%emt 0:08:14]} Nc5 {[%emt 0:00:49]} 13. Qc2 {[%emt 0:00:39]} a4 {[%emt 0:01:15]} 14. Rfd1 {[%emt 0:02:08]} Qa5 {[%emt 0:00:51]} 15. Nde2 {[%emt 0:03:59]} Be6 {[%emt 0:07:58]} 16. Rxd6 {[%emt 0:32:40]} Bxc4 {[%emt 0:05:46]} 17. Rcd1 {[%emt 0:00:53]} Bxe2 {[%emt 0:25:57]} 18. Qxe2 {[%emt 0:00:16]} Nfxe4 {[%emt 0:02:47]} 19. Nxe4 {[%emt 0:00:09]} Nxe4 {[%emt 0:00:03]} 20. Bxe4 {[%emt 0:00:13]} Rxe4 {[%emt 0:00:12]} 21. Rd7 {[%emt 0:00:23]} Qb4 {[%emt 0:25:23]} 22. Qf3 {[%emt 0:03:14]} f5 {[%emt 0:00:35]} 23. g4 {[%emt 0:12:25]} f4 {[%emt 0:07:55]} 24. Bd2 {[%emt 0:02:45]} Qc4 {[%emt 0:01:38]} 25. b3 {[%emt 0:04:17]} axb3 {[%emt 0:02:23]} 26. axb3 {[%emt 0:00:06]} Qe6 {[%emt 0:01:15]} 27. Bc3 {[%emt 0:03:21]} Bf8 {[%emt 0:01:57]} 28. Rxb7 {[%emt 0:01:23]} Re8 29. Rdd7 {[%emt 0:05:18]} Re7 {[%emt 0:10:22]} 30. Rxe7 {[%emt 0:01:15]} Bxe7 {[%emt 0:00:01]} 31. Rb8+ {[%emt 0:00:54]} Kf7 {[%emt 0:00:47]} 32. Rh8 {[%emt 0:00:46]} Qd5 {[%emt 0:00:01]} 33. Rxh7+ {[%emt 0:01:29]} Ke8 {[%emt 0:00:30]} 34. Kg2 {[%emt 0:01:21]} Bc5 {[%emt 0:00:51]} 35. Rh8+ {[%emt 0:00:32]} Ke7 {[%emt 0:00:14]} 36. Rh7+ {[%emt 0:00:59]} Ke8 {[%emt 0:00:04]} 37. Rh8+ {[%emt 0:05:33]} Ke7 {[%emt 0:00:03]} 38. Rh7+ {[%emt 0:03:52]} Ke6 {[%emt 0:01:04]} 39. Rh8 {[%emt 0:01:26]} Kd7 {[%emt 0:02:12]} 40. Ba5 {[%emt 0:00:00]} Ke7 {[%emt 0:00:00]} 41. Rd8 {[%emt 0:07:14]} Bd6 {[%emt 0:04:39]} 42. Bc7 {[%emt 0:00:21]} Bxc7 {[%emt 0:16:10]} 43. Rxd5 {[%emt 0:00:13]} cxd5 {[%emt 0:00:03]} 44. h4 {[%emt 0:00:28]} Bd6 {[%emt 0:01:11]} 45. h5 {[%emt 0:00:23]} gxh5 {[%emt 0:00:03]} 46. gxh5 {[%emt 0:00:06]} Re5 {[%emt 0:00:04]} 47. h6 {[%emt 0:00:20]} Rg5+ {[%emt 0:00:03]} 48. Kh3 {[%emt 0:00:14]} Kf6 {[%emt 0:00:21]} 49. Qc3+ {[%emt 0:01:58]} Be5 {[%emt 0:01:06]} 50. Qc6+ {[%emt 0:00:06]} Kf5 {[%emt 0:00:05]} 51. Qxd5 {[%emt 0:00:12]} Rh5+ {[%emt 0:00:23]} 52. Kg2 {[%emt 0:00:07]} Rxh6 {[%emt 0:00:06]} 53. b4 {[%emt 0:00:24]} Rg6+ {[%emt 0:01:19]} 54. Kf3 {[%emt 0:00:13]} Kf6 {[%emt 0:00:32]} 55. Ke4 {[%emt 0:00:18]} Rg5 {[%emt 0:00:24]} 56. Qd8+ {[%emt 0:00:16]} Kg6 {[%emt 0:00:04]} 57. Qxg5+ {[%emt 0:00:15]} 1-0

[Event "EYCC Open-U14 2019"]
[Site "Bratislava"]
[Date "2019.08.08"]
[Round "7.33"]
[White "Stamatiou, Rodolfos"]
[Black "Dahl, Max"]
[Result "1/2-1/2"]
[WhiteElo "2121"]
[BlackElo "1981"]
[Annotator "NA"]
[PlyCount "144"]
[EventDate "2019.08.02"]
[EventType "swiss"]
[EventCountry "SVK"]
[SourceTitle "playchess.com"]
[Source "ChessBase"]
[SourceQuality "1"]
[TimeControl "40/5400+30:1800+30"]

1. e4 {[%emt 0:00:00]} e6 {[%emt 0:00:00]} 2. d4 {[%emt 0:00:00]} d5 {[%emt 0:00:00]} 3. Nc3 {[%emt 0:00:03]} Nf6 {[%emt 0:00:18]} 4. Bg5 {[%emt 0:00:33]} Be7 {[%emt 0:00:57]} 5. e5 {[%emt 0:01:55]} Nfd7 {[%emt 0:01:06]} 6. Bxe7 {[%emt 0:00:15]} Qxe7 {[%emt 0:00:11]} 7. f4 {[%emt 0:00:55]} O-O {[%emt 0:02:31]} 8. Qh5 {[%emt 0:05:02]} f6 {[%emt 0:13:53]} 9. Bd3 {[%emt 0:04:41]} g6 {[%emt 0:07:11]} 10. Qh6 {[%emt 0:07:10]} c5 {[%emt 0:11:20]} 11. exf6 {[%emt 0:14:20]} Rxf6 {[%emt 0:13:55]} 12. Nf3 {[%emt 0:07:25]} Nc6 {[%emt 0:07:02]} 13. dxc5 {[%emt 0:03:49]} Nxc5 {[%emt 0:02:37]} 14. O-O-O {[%emt 0:04:02]} Nxd3+ {[%emt 0:02:02]} 15. Rxd3 {[%emt 0:02:01]} Qf8 {[%emt 0:06:34]} 16. Qxf8+ {[%emt 0:00:48]} Rxf8 {[%emt 0:00:18]} 17. g3 {[%emt 0:00:54]} Bd7 {[%emt 0:02:53]} 18. Ne2 {[%emt 0:04:46]} Rac8 {[%emt 0:02:18]} 19. Ned4 {[%emt 0:02:00]} Rfe8 {[%emt 0:03:00]} 20. Nxc6 {[%emt 0:02:53]} Bxc6 {[%emt 0:02:54]} 21. Re1 {[%emt 0:01:59]} Bd7 {[%emt 0:05:44]} 22. c3 {[%emt 0:01:26]} b5 {[%emt 0:04:21]} 23. b4 {[%emt 0:05:12]} a5 {[%emt 0:03:15]} 24. a3 {[%emt 0:02:28]} axb4 {[%emt 0:00:35]} 25. axb4 {[%emt 0:00:02]} Ra8 {[%emt 0:01:25]} 26. Kb2 {[%emt 0:00:22]} Ra7 {[%emt 0:02:21]} 27. Ra1 {[%emt 0:01:00]} Rxa1 {[%emt 0:00:21]} 28. Kxa1 {[%emt 0:00:01]} Ra8+ {[%emt 0:00:55]} 29. Kb2 {[%emt 0:00:02]} Kf8 {[%emt 0:02:23]} 30. Ne5 {[%emt 0:04:50]} Ke7 {[%emt 0:00:29]} 31. h4 {[%emt 0:01:17]} Kd6 {[%emt 0:00:58]} 32. Nf7+ {[%emt 0:04:09]} Ke7 {[%emt 0:00:26]} 33. Ng5 {[%emt 0:01:02]} h6 {[%emt 0:00:16]} 34. Nf3 {[%emt 0:00:10]} Kd6 {[%emt 0:01:17]} 35. Ne5 {[%emt 0:01:41]} Be8 {[%emt 0:00:20]} 36. Ng4 {[%emt 0:01:07]} h5 {[%emt 0:00:23]} 37. Ne5 {[%emt 0:00:59]} Ra7 {[%emt 0:00:45]} 38. Nf3 {[%emt 0:02:44]} Bd7 {[%emt 0:00:50]} 39. Rd1 {[%emt 0:01:23]} Ra8 {[%emt 0:00:19]} 40. Rg1 {[%emt 0:00:00]} Bc6 {[%emt 0:00:00]} 41. Ne5 {[%emt 0:03:50]} Be8 {[%emt 0:03:04]} 42. Re1 {[%emt 0:10:05]} Ra7 {[%emt 0:07:13]} 43. Nd3 {[%emt 0:02:14]} Bd7 {[%emt 0:03:27]} 44. Nc5 {[%emt 0:00:53]} Ke7 {[%emt 0:01:40]} 45. Nb3 {[%emt 0:01:48]} Kf6 {[%emt 0:03:20]} 46. Re5 {[%emt 0:01:51]} Be8 {[%emt 0:02:48]} 47. Na5 {[%emt 0:03:12]} Rd7 {[%emt 0:02:50]} 48. Nc6 {[%emt 0:02:33]} Rd6 {[%emt 0:01:04]} 49. Nd4 {[%emt 0:00:32]} Ra6 {[%emt 0:00:40]} 50. Nb3 {[%emt 0:01:43]} Ra7 {[%emt 0:00:27]} 51. Nc5 {[%emt 0:01:22]} Bd7 {[%emt 0:00:24]} 52. Rg5 {[%emt 0:04:52]} Be8 {[%emt 0:01:03]} 53. Nd3 {[%emt 0:02:17]} Rd7 {[%emt 0:03:35]} 54. Ne5 {[%emt 0:02:01]} Rh7 {[%emt 0:00:30]} 55. Kc2 {[%emt 0:01:11]} Ra7 {[%emt 0:00:28]} 56. g4 {[%emt 0:01:59]} Rh7 {[%emt 0:02:35]} 57. gxh5 {[%emt 0:03:04]} Rxh5 58. Ng4+ {[%emt 0:00:42]} Ke7 {[%emt 0:02:16]} 59. Rxh5 {[%emt 0:01:56]} gxh5 {[%emt 0:00:07]} 60. Ne3 {[%emt 0:00:30]} Bg6+ {[%emt 0:00:57]} 61. Kd2 {[%emt 0:00:36]} Kd6 {[%emt 0:01:15]} 62. Nf1 {[%emt 0:01:05]} Be4 {[%emt 0:00:40]} 63. Ng3 {[%emt 0:00:47]} Bg6 {[%emt 0:00:13]} 64. Ke3 {[%emt 0:00:37]} e5 {[%emt 0:01:31]} 65. Ne2 {[%emt 0:01:16]} Ke6 {[%emt 0:00:54]} 66. fxe5 {[%emt 0:01:31]} Kxe5 {[%emt 0:00:05]} 67. Nf4 {[%emt 0:00:59]} Be8 {[%emt 0:00:32]} 68. Nd3+ {[%emt 0:00:28]} Kf5 {[%emt 0:00:45]} 69. Nf2 {[%emt 0:00:24]} Ke5 {[%emt 0:00:07]} 70. Nd3+ {[%emt 0:02:01]} Kf5 {[%emt 0:00:05]} 71. Nf2 {[%emt 0:01:10]} Ke5 {[%emt 0:00:24]} 72. Nh3 {[%emt 0:00:32]} Kf5 {[%emt 0:00:38] Ke4+ Ke5+} 1/2-1/2

[Event "EYCC Open-U14 2019"]
[Site "Bratislava"]
[Date "2019.08.08"]
[Round "7.34"]
[White "Cuttoli, Alexandre"]
[Black "Czernek, Tymon"]
[Result "0-1"]
[WhiteElo "1848"]
[BlackElo "2003"]
[Annotator "NA"]
[PlyCount "92"]
[EventDate "2019.08.02"]
[EventType "swiss"]
[EventCountry "SVK"]
[SourceTitle "playchess.com"]
[Source "ChessBase"]
[SourceQuality "1"]
[TimeControl "40/5400+30:1800+30"]

1. d4 {[%emt 0:00:00]} Nf6 2. c4 c5 {[%emt 0:00:00]} 3. d5 {[%emt 0:00:00]} b5 {[%emt 0:00:00]} 4. cxb5 {[%emt 0:00:00]} a6 {[%emt 0:00:00]} 5. Nc3 {[%emt 0:00:12]} axb5 {[%emt 0:09:44]} 6. e4 {[%emt 0:00:16]} b4 {[%emt 0:01:26]} 7. Nb5 {[%emt 0:00:16]} d6 {[%emt 0:02:52]} 8. Bc4 {[%emt 0:01:00]} Nbd7 {[%emt 0:03:10]} 9. Nf3 {[%emt 0:01:00]} Nb6 {[%emt 0:01:59]} 10. Bd3 {[%emt 0:12:02]} g6 {[%emt 0:05:57]} 11. O-O {[%emt 0:08:52]} Bg7 12. Bg5 {[%emt 0:16:53]} O-O {[%emt 0:01:38]} 13. a3 {[%emt 0:10:40]} Bd7 {[%emt 0:03:10]} 14. Qe2 {[%emt 0:03:19]} c4 {[%emt 0:03:00]} 15. Bxc4 {[%emt 0:01:03]} Nxc4 {[%emt 0:00:06]} 16. Qxc4 {[%emt 0:00:44]} Bxb5 {[%emt 0:00:27]} 17. Qxb5 {[%emt 0:00:13]} Nxe4 {[%emt 0:00:03]} 18. Bc1 {[%emt 0:07:14]} bxa3 {[%emt 0:00:38]} 19. Rxa3 {[%emt 0:00:35]} Rxa3 {[%emt 0:00:21]} 20. bxa3 {[%emt 0:00:11]} Nc3 {[%emt 0:00:44]} 21. Qb7 {[%emt 0:08:28]} Qc8 {[%emt 0:00:47]} 22. Qxc8 {[%emt 0:11:15]} Rxc8 {[%emt 0:00:07]} 23. Bg5 {[%emt 0:00:49]} Nxd5 {[%emt 0:00:08]} 24. Rd1 {[%emt 0:00:57]} e6 {[%emt 0:00:12]} 25. h3 {[%emt 0:00:53]} h6 {[%emt 0:02:31]} 26. Bd2 {[%emt 0:00:23]} Ra8 {[%emt 0:00:26]} 27. Bb4 {[%emt 0:00:23]} Ra6 {[%emt 0:02:29]} 28. Nd4 {[%emt 0:01:11]} Bxd4 {[%emt 0:03:36]} 29. Rxd4 {[%emt 0:00:04]} Nxb4 {[%emt 0:00:04]} 30. axb4 {[%emt 0:00:11]} d5 {[%emt 0:00:26]} 31. Rh4 {[%emt 0:01:48]} Kg7 {[%emt 0:00:26]} 32. Rd4 {[%emt 0:05:10]} Kf6 33. f4 {[%emt 0:00:14]} Ra2 {[%emt 0:01:55]} 34. g3 {[%emt 0:00:11]} Ke7 {[%emt 0:00:18]} 35. Kf1 {[%emt 0:00:08]} Kd6 {[%emt 0:00:14]} 36. Rd3 {[%emt 0:01:03]} Rb2 {[%emt 0:00:24]} 37. Rd4 {[%emt 0:00:13]} f6 {[%emt 0:00:21]} 38. h4 {[%emt 0:00:22]} h5 {[%emt 0:00:09]} 39. Kg1 {[%emt 0:00:50]} e5 {[%emt 0:00:53]} 40. fxe5+ {[%emt 0:00:00]} fxe5 {[%emt 0:00:00]} 41. Rd3 {[%emt 0:00:25]} Rxb4 {[%emt 0:00:26]} 42. Kg2 {[%emt 0:00:07]} Rb2+ {[%emt 0:00:14]} 43. Kh3 {[%emt 0:00:04]} e4 {[%emt 0:00:43]} 44. Re3 {[%emt 0:00:38]} Ke5 {[%emt 0:00:17]} 45. Re1 {[%emt 0:00:28]} d4 {[%emt 0:00:34]} 46. g4 {[%emt 0:00:25]} Rb3+ {[%emt 0:00:16]} 0-1

[Event "EYCC Open-U14 2019"]
[Site "Bratislava"]
[Date "2019.08.08"]
[Round "7.35"]
[White "Popov, Maksim M."]
[Black "Nareks, Matic"]
[Result "1/2-1/2"]
[WhiteElo "2152"]
[BlackElo "1937"]
[Annotator "NA"]
[PlyCount "198"]
[EventDate "2019.08.02"]
[EventType "swiss"]
[EventCountry "SVK"]
[SourceTitle "playchess.com"]
[Source "ChessBase"]
[SourceQuality "1"]
[TimeControl "40/5400+30:1800+30"]

1. e4 {[%emt 0:00:00]} g6 {[%emt 0:00:43]} 2. d4 {[%emt 0:00:36]} d6 {[%emt 0:00:08]} 3. Nf3 {[%emt 0:00:55]} Nf6 {[%emt 0:00:55]} 4. Nc3 {[%emt 0:01:40]} Bg7 {[%emt 0:00:29]} 5. Bc4 {[%emt 0:02:18]} c6 {[%emt 0:02:33]} 6. a4 {[%emt 0:02:46]} O-O {[%emt 0:05:10]} 7. O-O {[%emt 0:00:23]} Qc7 {[%emt 0:02:33]} 8. h3 {[%emt 0:01:04]} Nbd7 {[%emt 0:04:08]} 9. Qe2 {[%emt 0:01:41]} e5 {[%emt 0:01:15]} 10. dxe5 {[%emt 0:00:53]} dxe5 {[%emt 0:02:35]} 11. Be3 {[%emt 0:02:25]} b6 {[%emt 0:15:08]} 12. Nd2 {[%emt 0:25:10]} Nh5 {[%emt 0:09:33]} 13. Rfe1 {[%emt 0:04:58]} Re8 {[%emt 0:02:43]} 14. Nf3 {[%emt 0:08:16]} Nf8 {[%emt 0:03:10]} 15. Ng5 {[%emt 0:00:45]} Ne6 {[%emt 0:04:47]} 16. Bxe6 {[%emt 0:00:11]} Bxe6 {[%emt 0:01:05]} 17. Nxe6 {[%emt 0:00:10]} Rxe6 {[%emt 0:01:28]} 18. g3 {[%emt 0:01:20]} Bf6 {[%emt 0:07:36]} 19. Red1 {[%emt 0:03:20]} Ng7 {[%emt 0:00:44]} 20. Qc4 {[%emt 0:00:56]} Re7 {[%emt 0:01:17]} 21. b4 {[%emt 0:03:34]} Qc8 {[%emt 0:04:01]} 22. Rd6 {[%emt 0:02:06]} Re6 {[%emt 0:01:20]} 23. Rad1 {[%emt 0:00:28]} Be7 {[%emt 0:00:55]} 24. Rd7 {[%emt 0:00:34]} Ne8 {[%emt 0:00:36]} 25. R7d2 {[%emt 0:04:25]} Rd6 {[%emt 0:00:52]} 26. Kg2 {[%emt 0:00:59]} Rxd2 {[%emt 0:01:05]} 27. Rxd2 {[%emt 0:00:07]} Nd6 {[%emt 0:00:29]} 28. Qb3 {[%emt 0:00:38]} Qe6 {[%emt 0:01:28]} 29. Qxe6 {[%emt 0:00:39]} fxe6 {[%emt 0:00:08]} 30. b5 {[%emt 0:08:10]} cxb5 {[%emt 0:03:29]} 31. Nxb5 {[%emt 0:00:25]} Nxb5 {[%emt 0:01:50]} 32. axb5 {[%emt 0:00:07]} Rd8 {[%emt 0:00:29]} 33. Rxd8+ {[%emt 0:02:07]} Bxd8 {[%emt 0:00:01]} 34. f4 {[%emt 0:01:01]} Bc7 {[%emt 0:00:26]} 35. Kf3 {[%emt 0:01:06]} Kf7 {[%emt 0:00:42]} 36. c4 {[%emt 0:00:27]} Kf6 {[%emt 0:01:34]} 37. c5 {[%emt 0:02:30]} exf4 {[%emt 0:01:02]} 38. gxf4 {[%emt 0:00:18]} bxc5 {[%emt 0:00:40]} 39. Bxc5 {[%emt 0:00:05]} Bb6 {[%emt 0:00:18]} 40. Bd6 {[%emt 0:00:00]} Bd4 {[%emt 0:00:00]} 41. h4 {[%emt 0:01:30]} Kf7 {[%emt 0:06:59]} 42. Bb8 {[%emt 0:00:59]} Ke7 {[%emt 0:00:44]} 43. Kg4 {[%emt 0:01:37]} Kf7 {[%emt 0:01:31]} 44. Kg5 {[%emt 0:02:55]} Kg7 {[%emt 0:04:00]} 45. h5 {[%emt 0:00:44]} Bf6+ {[%emt 0:02:09]} 46. Kg4 {[%emt 0:00:05]} Bd4 {[%emt 0:00:09]} 47. Bc7 {[%emt 0:00:32]} Bc3 {[%emt 0:00:56]} 48. Bd6 {[%emt 0:00:52]} Bd4 {[%emt 0:00:21]} 49. Bb8 {[%emt 0:00:14]} Kf6 {[%emt 0:00:36]} 50. Bc7 {[%emt 0:00:08]} Kg7 {[%emt 0:00:26]} 51. Ba5 {[%emt 0:01:17]} Kf6 {[%emt 0:00:23]} 52. Bd8+ {[%emt 0:00:09]} Kg7 {[%emt 0:00:15]} 53. Kg5 {[%emt 0:00:13]} Bc3 {[%emt 0:00:56]} 54. Be7 {[%emt 0:00:43]} Bd4 {[%emt 0:00:28]} 55. Kg4 {[%emt 0:00:23]} Kf7 {[%emt 0:00:57]} 56. Bh4 {[%emt 0:00:07]} Bc5 {[%emt 0:01:21]} 57. Be1 {[%emt 0:00:44]} Bd4 {[%emt 0:00:20]} 58. Bd2 {[%emt 0:00:08]} Kf6 {[%emt 0:00:32]} 59. Ba5 {[%emt 0:00:28]} Kg7 {[%emt 0:00:46]} 60. Bd8 {[%emt 0:00:07]} Bc3 {[%emt 0:01:36]} 61. Kg5 {[%emt 0:00:15]} Bb2 {[%emt 0:01:06]} 62. Be7 {[%emt 0:03:29]} Bd4 {[%emt 0:00:27]} 63. Bb4 {[%emt 0:00:34]} Bf6+ {[%emt 0:00:23]} 64. Kg4 {[%emt 0:00:06]} Bd4 {[%emt 0:00:10]} 65. Bd2 {[%emt 0:00:08]} Kf6 {[%emt 0:00:15]} 66. Bc1 {[%emt 0:00:17]} Kg7 {[%emt 0:01:25]} 67. Ba3 {[%emt 0:01:06]} Kf6 {[%emt 0:00:21]} 68. Bf8 {[%emt 0:00:24]} Kf7 {[%emt 0:00:36]} 69. Bb4 {[%emt 0:02:09]} Kf6 {[%emt 0:00:20]} 70. Bd2 {[%emt 0:00:30]} Kg7 {[%emt 0:00:16]} 71. Bb4 {[%emt 0:01:41]} Kf6 {[%emt 0:00:10]} 72. Ba5 {[%emt 0:00:08]} Bb2 {[%emt 0:00:39]} 73. Bd8+ {[%emt 0:00:14]} Kg7 {[%emt 0:00:09]} 74. f5 {[%emt 0:00:15]} exf5+ {[%emt 0:01:11]} 75. exf5 {[%emt 0:00:04]} gxh5+ {[%emt 0:00:26]} 76. Kxh5 {[%emt 0:00:05]} Bf6 {[%emt 0:00:29]} 77. Bc7 {[%emt 0:00:20]} Bd4 {[%emt 0:01:10]} 78. Kg4 {[%emt 0:00:26]} Kf6 {[%emt 0:00:52]} 79. Bd8+ {[%emt 0:00:06]} Kf7 {[%emt 0:00:22]} 80. Bh4 {[%emt 0:00:26]} Bb6 {[%emt 0:00:53]} 81. Kf4 {[%emt 0:00:18]} Bc7+ {[%emt 0:00:37]} 82. Ke4 {[%emt 0:00:13]} Bb6 {[%emt 0:00:27]} 83. Kd5 {[%emt 0:00:16]} Be3 {[%emt 0:00:36]} 84. Ke4 {[%emt 0:00:32]} Bb6 {[%emt 0:00:08]} 85. Bg5 {[%emt 0:00:05]} Bc5 {[%emt 0:01:02]} 86. Bh4 {[%emt 0:00:49]} Bb6 {[%emt 0:00:16]} 87. Kd5 {[%emt 0:00:05]} Be3 {[%emt 0:00:11]} 88. Kc6 {[%emt 0:00:06]} Bd4 {[%emt 0:00:51]} 89. Kb7 {[%emt 0:00:14]} h5 {[%emt 0:00:27]} 90. Kc6 {[%emt 0:00:35]} Bf6 {[%emt 0:01:44]} 91. Bf2 {[%emt 0:00:34]} h4 {[%emt 0:00:12]} 92. Kd5 {[%emt 0:00:05]} h3 {[%emt 0:00:41]} 93. Bg3 {[%emt 0:00:06]} Bh4 {[%emt 0:00:28]} 94. Bh2 {[%emt 0:00:05]} Kf6 {[%emt 0:00:56]} 95. Ke4 {[%emt 0:00:08]} Bf2 {[%emt 0:00:23]} 96. Kf3 {[%emt 0:01:41]} Bb6 {[%emt 0:00:31]} 97. Kg4 {[%emt 0:00:06]} Be3 {[%emt 0:00:44]} 98. Bc7 {[%emt 0:03:53]} Bb6 {[%emt 0:00:28]} 99. Bf4 {[%emt 0:00:34]} Be3 {[%emt 0:00:24]} 1/2-1/2

[Event "EYCC Open-U14 2019"]
[Site "Bratislava"]
[Date "2019.08.08"]
[Round "7.36"]
[White "Cappelletto, Joshuaede"]
[Black "Tabuenca Mendataurigoitia, Pedro"]
[Result "1-0"]
[WhiteElo "2138"]
[BlackElo "1839"]
[Annotator "NA"]
[PlyCount "73"]
[EventDate "2019.08.02"]
[EventType "swiss"]
[EventCountry "SVK"]
[SourceTitle "playchess.com"]
[Source "ChessBase"]
[SourceQuality "1"]
[TimeControl "40/5400+30:1800+30"]

1. e4 {[%emt 0:00:00]} c5 {[%emt 0:00:00]} 2. Nf3 {[%emt 0:00:00]} e6 {[%emt 0:00:00]} 3. d4 {[%emt 0:00:00]} cxd4 {[%emt 0:00:00]} 4. Nxd4 {[%emt 0:00:00]} Qb6 {[%emt 0:00:00]} 5. Nb3 {[%emt 0:00:40]} Qc7 {[%emt 0:00:10]} 6. Bd3 {[%emt 0:00:16]} a6 {[%emt 0:00:46]} 7. O-O {[%emt 0:00:11]} Nf6 {[%emt 0:00:13]} 8. Nc3 {[%emt 0:01:59]} Be7 {[%emt 0:01:17]} 9. Qe2 {[%emt 0:00:27]} d6 {[%emt 0:00:48]} 10. Kh1 {[%emt 0:00:24]} b5 {[%emt 0:01:41]} 11. a3 {[%emt 0:00:41]} Bb7 {[%emt 0:01:45]} 12. f4 {[%emt 0:01:50]} Nbd7 {[%emt 0:04:00]} 13. Bd2 {[%emt 0:00:32]} e5 {[%emt 0:07:00]} 14. f5 {[%emt 0:05:27]} h5 {[%emt 0:10:56]} 15. Rad1 {[%emt 0:06:01]} Nc5 {[%emt 0:19:55]} 16. Bg5 {[%emt 0:04:40]} h4 {[%emt 0:14:17]} 17. Bxf6 {[%emt 0:05:08]} gxf6 {[%emt 0:05:37]} 18. Rf3 {[%emt 0:03:11]} O-O-O {[%emt 0:07:40]} 19. Nd5 {[%emt 0:07:27]} Bxd5 {[%emt 0:00:17]} 20. exd5 {[%emt 0:00:10]} Nxb3 {[%emt 0:03:49]} 21. cxb3 {[%emt 0:00:12]} Kb8 {[%emt 0:01:16]} 22. a4 {[%emt 0:00:19]} bxa4 {[%emt 0:01:24]} 23. Bxa6 {[%emt 0:01:04]} Qa5 {[%emt 0:04:52]} 24. Ra1 {[%emt 0:02:22]} Qxd5 {[%emt 0:01:21]} 25. Rxa4 {[%emt 0:00:56]} Rd7 {[%emt 0:01:42]} 26. Rb4+ {[%emt 0:03:57]} Ka8 {[%emt 0:01:05]} 27. Bd3 {[%emt 0:02:42]} Qc6 {[%emt 0:03:16]} 28. Bb5 {[%emt 0:00:36]} Qb6 {[%emt 0:01:20]} 29. Rc3 {[%emt 0:02:48]} Ra7 {[%emt 0:00:22]} 30. Ra4 {[%emt 0:18:44]} Rxa4 {[%emt 0:01:45]} 31. bxa4 {[%emt 0:00:13]} Rb8 {[%emt 0:03:23]} 32. Qe4+ {[%emt 0:01:39]} Rb7 {[%emt 0:01:33]} 33. Bc6 {[%emt 0:03:37]} Qxb2 {[%emt 0:00:25]} 34. Bxb7+ {[%emt 0:00:07]} Kb8 {[%emt 0:01:06]} 35. Rc8+ {[%emt 0:00:24]} Ka7 {[%emt 0:00:01]} 36. Ra8+ {[%emt 0:00:08]} Kb6 {[%emt 0:00:00]} 37. Qc6# {[%emt 0:00:39]} 1-0

[Event "EYCC Open-U14 2019"]
[Site "Bratislava"]
[Date "2019.08.08"]
[Round "7.37"]
[White "Vanduyfhuys, Igor"]
[Black "Fardet, Elouan"]
[Result "0-1"]
[WhiteElo "1804"]
[BlackElo "2047"]
[Annotator "NA"]
[PlyCount "48"]
[EventDate "2019.08.02"]
[EventType "swiss"]
[EventCountry "SVK"]
[SourceTitle "playchess.com"]
[Source "ChessBase"]
[SourceQuality "1"]
[TimeControl "40/5400+30:1800+30"]

1. e4 {[%emt 0:00:00]} c5 {[%emt 0:00:00]} 2. Nf3 {[%emt 0:00:00]} d6 {[%emt 0:00:00]} 3. d4 {[%emt 0:00:00]} cxd4 {[%emt 0:00:00]} 4. Nxd4 {[%emt 0:00:02]} Nf6 {[%emt 0:00:00]} 5. Nc3 {[%emt 0:00:45]} Nc6 {[%emt 0:00:00]} 6. Be2 {[%emt 0:01:33]} e5 {[%emt 0:01:20]} 7. Nb3 {[%emt 0:00:14]} Be7 {[%emt 0:00:28]} 8. O-O {[%emt 0:00:12]} O-O {[%emt 0:00:24]} 9. f4 {[%emt 0:01:23]} exf4 {[%emt 0:03:53]} 10. Bxf4 {[%emt 0:00:27]} a6 {[%emt 0:02:59]} 11. Kh1 {[%emt 0:02:53]} b5 {[%emt 0:06:12]} 12. Bf3 {[%emt 0:04:50]} Ne5 {[%emt 0:05:18]} 13. Nd4 {[%emt 0:03:35]} Bb7 {[%emt 0:07:54]} 14. a3 {[%emt 0:03:23]} Re8 {[%emt 0:12:51]} 15. Nd5 {[%emt 0:07:32]} Nxd5 {[%emt 0:03:42]} 16. exd5 {[%emt 0:00:07]} Qb6 {[%emt 0:04:14]} 17. c3 {[%emt 0:03:46]} Rac8 {[%emt 0:07:49]} 18. Be4 {[%emt 0:06:04]} Bf6 {[%emt 0:03:32]} 19. Be3 {[%emt 0:25:00]} Qd8 {[%emt 0:08:49]} 20. a4 {[%emt 0:02:43]} Nc4 {[%emt 0:02:20]} 21. Bxh7+ {[%emt 0:05:49]} Kxh7 {[%emt 0:00:31]} 22. Qh5+ {[%emt 0:00:38]} Kg8 {[%emt 0:00:04]} 23. Bg5 {[%emt 0:01:31]} Re5 {[%emt 0:08:51]} 24. Rxf6 {[%emt 0:02:21]} Qxf6 {[%emt 0:01:50]} 0-1

[Event "EYCC Open-U14 2019"]
[Site "Bratislava"]
[Date "2019.08.08"]
[Round "7.38"]
[White "Creanga, Robert-Ionut"]
[Black "Protassov, Vlad"]
[Result "1-0"]
[WhiteElo "2024"]
[BlackElo "1898"]
[Annotator "NA"]
[PlyCount "57"]
[EventDate "2019.08.02"]
[EventType "swiss"]
[EventCountry "SVK"]
[SourceTitle "playchess.com"]
[Source "ChessBase"]
[SourceQuality "1"]
[TimeControl "40/5400+30:1800+30"]

1. d4 {[%emt 0:00:00]} Nf6 {[%emt 0:00:00]} 2. c4 {[%emt 0:00:00]} e6 {[%emt 0:00:00]} 3. Nc3 {[%emt 0:00:00]} d5 {[%emt 0:00:59]} 4. cxd5 {[%emt 0:00:00]} exd5 {[%emt 0:00:10]} 5. Bg5 {[%emt 0:00:03]} Be7 {[%emt 0:02:09]} 6. e3 {[%emt 0:00:23]} c6 {[%emt 0:00:20]} 7. Bd3 {[%emt 0:00:11]} O-O {[%emt 0:01:29]} 8. Qc2 {[%emt 0:00:35]} Nbd7 {[%emt 0:01:37]} 9. Nf3 {[%emt 0:00:24]} h6 {[%emt 0:03:10]} 10. Bf4 {[%emt 0:05:49]} Nh5 {[%emt 0:01:49]} 11. Be5 {[%emt 0:01:52]} Nhf6 {[%emt 0:05:51]} 12. O-O {[%emt 0:06:25]} Nxe5 {[%emt 0:03:54]} 13. Nxe5 {[%emt 0:02:41]} Ng4 {[%emt 0:03:56]} 14. Nf3 {[%emt 0:02:43]} Bd6 {[%emt 0:00:57]} 15. h3 {[%emt 0:01:32]} Nf6 {[%emt 0:02:08]} 16. Ne5 {[%emt 0:01:24]} Bxe5 {[%emt 0:12:04]} 17. dxe5 {[%emt 0:00:50]} Nd7 {[%emt 0:00:02]} 18. f4 {[%emt 0:01:36]} Qb6 {[%emt 0:00:19]} 19. Rf3 {[%emt 0:10:32]} Nc5 {[%emt 0:00:53]} 20. Bf1 {[%emt 0:02:33]} d4 {[%emt 0:17:39]} 21. Ne4 {[%emt 0:07:53]} Nxe4 {[%emt 0:04:34]} 22. Qxe4 {[%emt 0:00:26]} Qxb2 {[%emt 0:01:16]} 23. Rb1 {[%emt 0:00:53]} Qxa2 {[%emt 0:01:33]} 24. Bd3 {[%emt 0:06:15]} g6 {[%emt 0:00:28]} 25. Rg3 {[%emt 0:05:21]} Kh8 {[%emt 0:05:23]} 26. Qxd4 {[%emt 0:02:42]} Qd5 {[%emt 0:04:13]} 27. Qc3 {[%emt 0:01:45]} Be6 {[%emt 0:01:50]} 28. e4 {[%emt 0:01:58]} Qd8 {[%emt 0:04:28]} 29. f5 {[%emt 0:00:26]} 1-0